| 000 | 02000nam0a2200325 i 4500 | ||
|---|---|---|---|
| 001 | RU\NLR\BIBL_A\010886201 | ||
| 005 | 20260409063210.0 | ||
| 010 |
_a9785898224073 _9500 |
||
| 021 |
_aRU _b2015-81337 _94944 |
||
| 035 | _a(NILC)LIBNET\0000590185 | ||
| 035 | _a(NLR Aleph) 010886201 | ||
| 090 |
_a10527780 _c10527780 |
||
| 100 | _a20151110d2015 u y0rusy50 ca | ||
| 101 | 0 | _arus | |
| 102 | _aRU | ||
| 105 | _aa|||j|||000yy | ||
| 200 | 1 |
_aСимптоматические и самостоятельные хейлиты в клинике терапевтической стоматологии _eучебное пособие _eдля студентов медицинских вузов по специальности 060201.65 - стоматология _fГос. бюджет. образоват. учреждение высш. проф. образования "Ставроп. гос. мед. ун-т" М-ва здравоохранения Рос. Федерации _g[сост.: д.м.н., проф. Караков Карен Григорьевич и др.] |
|
| 210 |
_aСтаврополь _cСтавропольский государственный медицинский университет _d2015 |
||
| 215 |
_a98 с. _cцв. ил. _d20 |
||
| 320 | _aБиблиогр.: с. 85-86 (18 назв.) | ||
| 606 |
_aХейлиты _jУчебные издания для высших учебных заведений _9963054 _3RU\NLR\AUTH\66360039 |
||
| 686 | 1 | _aР661.240.11я73 | |
| 702 | 1 |
_aКараков _bК. Г. _gКарен Григорьевич _4220 |
|
| 712 | 0 | 2 |
_4570 _aСтавропольский государственный медицинский университет _9382802 _3RU\NLR\AUTH\880357643 |
| 801 | 0 |
_aRU _bСтавропольская ГКУНБ _c20151006 _grcr |
|
| 801 | 1 |
_aRU _bСтавропольская ГКУНБ _c20151006 _2rusmarc |
|
| 942 | _cBOOK | ||
| 980 | _aNBR | ||